000 00342nam a2200133Ia 4500
008 240624s9999 xx 000 0 und d
041 _aeng
082 _a346.048 SIN
100 _aSINGH RAGHBIR
245 _aLAW RELATING TO INTELLECTUAL PROPERTY I
260 _c2004
_aDelhi
_bUniversal Law Publishing
300 _alxxvi, : 940
365 _cRS
999 _c1520
_d1520